[Event "World Youth Open U14 2016"]
[Site "Khanty-Mansiysk RUS"]
[Date "2016.10.01"]
[Round "9.10"]
[White "Ibrahimli, Murad"]
[Black "Stoleriu , George"]
[Result "1-0"]
[WhiteElo "2203"]
[BlackElo "2247"]
[PlyCount "105"]
[EventDate "2016.09.22"]

1. d4 e6 2. c4 c5 3. Nf3 cxd4 4. Nxd4 b6 5. Nb5 a6 6. Nd6+ Bxd6 7. Qxd6 Nc6 8.
Nc3 Qe7 9. Qg3 f5 10. Bf4 Qf6 11. O-O-O Nge7 12. e4 O-O 13. e5 Qf7 14. Be2 Rb8
15. h4 Kh8 16. h5 h6 17. Rd6 Rd8 18. Be3 f4 19. Qxf4 Rf8 20. Qxf7 Rxf7 21. g4
Nxe5 22. Rxb6 Rxb6 23. Bxb6 Bb7 24. Rg1 Bf3 25. b3 Bxe2 26. Nxe2 d5 27. cxd5
Nxd5 28. Bd4 Nd3+ 29. Kb1 e5 30. Rg3 Nxf2 31. Bxe5 Ne4 32. Rd3 Rf1+ 33. Kb2
Ndf6 34. Nf4 Kg8 35. Ng6 Kf7 36. Rd8 Ke6 37. Bd4 Nd6 38. Ra8 Nd5 39. Rxa6 Nc7
40. Rc6 Ncb5 41. Bxg7 Rf7 42. Be5 Kd5 43. Rc2 Ne4 44. a4 Na7 45. Bf4 Nc6 46.
Rxc6 Rxf4 47. Nxf4+ Kxc6 48. Ng2 Kc5 49. Ne3 Nf6 50. Kc3 Ne4+ 51. Kb2 Nf6 52.
Ka3 Kc6 53. b4 1-0

[Event "World Youth Open U14 2016"]
[Site "Khanty-Mansiysk RUS"]
[Date "2016.10.02"]
[Round "10.12"]
[White "Stoleriu , George"]
[Black "Hua, Eugene"]
[Result "1-0"]
[WhiteElo "2247"]
[BlackElo "2142"]
[PlyCount "81"]
[EventDate "2016.09.22"]

1. e4 c5 2. Nf3 e6 3. d4 cxd4 4. Nxd4 Nc6 5. Nc3 Qc7 6. Be2 a6 7. O-O Nf6 8.
Be3 Bb4 9. Na4 O-O 10. Nxc6 bxc6 11. Bd3 Rb8 12. f4 Rd8 13. Bd4 Be7 14. e5 Nd5
15. c4 Nb4 16. c5 a5 17. a3 Nxd3 18. Qxd3 Qa7 19. Qd2 Rb3 20. Nb6 a4 21. Rfc1
Ba6 22. Qa5 Rd3 23. Rd1 Rb3 24. Qxa4 Rxb2 25. Bxb2 Bxc5+ 26. Bd4 Qxb6 27. Bxc5
Qxc5+ 28. Kh1 Be2 29. Qd4 Qxd4 30. Rxd4 c5 31. Rd2 Bb5 32. a4 Ra8 33. Rb2 Bc6
34. Rab1 Kf8 35. Rb8+ Rxb8 36. Rxb8+ Ke7 37. a5 c4 38. a6 c3 39. Rb3 c2 40. Rc3
Kd8 41. a7 1-0

[Event "World Youth Open U14 2016"]
[Site "Khanty-Mansiysk RUS"]
[Date "2016.10.03"]
[Round "11.9"]
[White "Zhou, Junfeng"]
[Black "Stoleriu , George"]
[Result "1/2-1/2"]
[WhiteElo "2125"]
[BlackElo "2247"]
[PlyCount "99"]
[EventDate "2016.09.22"]

1. c4 c5 2. Nf3 Nc6 3. Nc3 g6 4. g3 Bg7 5. Bg2 d6 6. O-O Qd7 7. e3 Bxc3 8. bxc3
f5 9. e4 fxe4 10. Ng5 Qg4 11. Nxe4 Qxd1 12. Rxd1 Ne5 13. d4 cxd4 14. Rxd4 Bf5
15. c5 Nc6 16. Be3 O-O-O 17. Rdd1 dxc5 18. Rxd8+ Nxd8 19. Bxc5 Nc6 20. Ng5 Nf6
21. Bxc6 bxc6 22. Bxa7 Re8 23. f4 Ne4 24. Nxe4 Bxe4 25. Bd4 Kb7 26. Kf2 e6 27.
Ke3 Bf5 28. a4 Ka6 29. Ra2 Rb8 30. a5 Rb5 31. Bb6 Rb1 32. Rd2 h5 33. Kd4 Rc1
34. Kc4 Be4 35. Rd7 Bd5+ 36. Kb4 c5+ 37. Kxc5 Rxc3+ 38. Kd4 Rc2 39. Rg7 Rxh2
40. Rxg6 Rd2+ 41. Ke5 Re2+ 42. Kd6 Rd2 43. Rg5 Rd3 44. Ke5 Rf3 45. Rg7 Rd3 46.
Bd8 Bf3 47. Bh4 Re3+ 48. Kd4 Re4+ 49. Kd3 Kxa5 50. Rg5+ 1/2-1/2

[Event "9th Arad Open 2016"]
[Site "Arad ROU"]
[Date "2016.08.07"]
[Round "3.34"]
[White "Samfirescu, Andrei-Alexandru"]
[Black "Stoleriu , George"]
[Result "0-1"]
[WhiteElo "1611"]
[BlackElo "2253"]
[PlyCount "86"]
[EventDate "2016.08.06"]

1. e4 e6 2. d4 d5 3. Nc3 Bb4 4. e5 c5 5. Nf3 Nc6 6. Bb5 Bd7 7. Bxc6 Bxc6 8. O-O
Ne7 9. a3 Bxc3 10. bxc3 Rc8 11. a4 Qa5 12. Ba3 b6 13. Bb2 Bxa4 14. Nd2 Qb5 15.
Nb3 c4 16. Nc1 Qxb2 17. Rxa4 Nc6 18. Ne2 Qb5 19. Qa1 a5 20. Ra2 Qa6 21. Rb1 Rb8
22. Rab2 b5 23. Qa3 Na7 24. Ra2 Nc6 25. Rab2 Rb6 26. h3 Qb7 27. Qc5 Na7 28. Qa3
Ra6 29. Ra2 Qe7 30. Qc1 O-O 31. Rba1 Nc6 32. Qa3 Qxa3 33. Rxa3 Rb6 34. Rb1 Rfb8
35. Ra2 b4 36. Rab2 Kf8 37. f4 Ke7 38. Kf2 Kd7 39. g4 Kc7 40. f5 bxc3 41. Rxb6
Rxb6 42. Rxb6 Kxb6 43. Nxc3 Nxd4 0-1

[Event "9th Arad Open 2016"]
[Site "Arad ROU"]
[Date "2016.08.09"]
[Round "5.26"]
[White "Trifan Andrei Ioan (GER)"]
[Black "Stoleriu , George"]
[Result "1-0"]
[WhiteElo "2069"]
[BlackElo "2253"]
[PlyCount "35"]
[EventDate "2016.08.06"]

1. e4 c6 2. c4 d5 3. exd5 cxd5 4. cxd5 Nf6 5. Nc3 Nxd5 6. Nf3 Nc6 7. Bb5 Nxc3
8. bxc3 Bd7 9. d4 a6 10. Bd3 Bg4 11. Rb1 Qc7 12. O-O e6 13. Re1 Be7 14. Be4 Bh5
15. Qa4 Bg6 16. Rxb7 Qd8 17. Bxc6+ Kf8 18. Rd7 1-0

[Event "9th Arad Open 2016"]
[Site "Arad ROU"]
[Date "2016.08.10"]
[Round "6.30"]
[White "Stoleriu , George"]
[Black "Craciun, Alexandru-Emilian"]
[Result "1-0"]
[WhiteElo "2253"]
[BlackElo "1928"]
[PlyCount "107"]
[EventDate "2016.08.06"]

1. e4 e6 2. d4 d5 3. Nc3 Bb4 4. exd5 exd5 5. Bd3 Nc6 6. Nge2 Nge7 7. Bf4 Bf5 8.
Bxf5 Nxf5 9. Qd3 Nd6 10. O-O-O Ne7 11. h4 Qd7 12. a3 Bxc3 13. Nxc3 O-O-O 14. h5
f6 15. Rhe1 Rhe8 16. Qxh7 Ndf5 17. g4 Rh8 18. Rxe7 Nxe7 19. Qxg7 Rhg8 20. Qxf6
Rdf8 21. Qe5 Nc6 22. Qxd5 Rxg4 23. Be3 Qxd5 24. Nxd5 Rf5 25. c4 Kd7 26. Rh1 Rg7
27. h6 Rh7 28. Rg1 Rff7 29. Rg6 Ne7 30. Nxe7 Rxe7 31. Kd2 Re6 32. Rg8 c6 33.
Rb8 Kc7 34. Ra8 a6 35. a4 Rf6 36. b4 Rf5 37. Rg8 Kd6 38. Kd3 Rf3 39. Ke4 Rxe3+
40. fxe3 Rxh6 41. b5 c5 42. bxa6 bxa6 43. Ra8 Rh4+ 44. Kd3 cxd4 45. Rxa6+ Kc5
46. Ra5+ Kb4 47. Rb5+ Kxa4 48. exd4 Rh3+ 49. Ke4 Rh4+ 50. Kd5 Rh5+ 51. Kc6 Rh6+
52. Kc5 Rh5+ 53. d5 Rh4 54. d6 1-0

[Event "9th Arad Open 2016"]
[Site "Arad ROU"]
[Date "2016.08.11"]
[Round "8.12"]
[White "Stoleriu , George"]
[Black "Petrisor, Adrian-Marian"]
[Result "0-1"]
[WhiteElo "2253"]
[BlackElo "2401"]
[PlyCount "130"]
[EventDate "2016.08.06"]

1. e4 c5 2. Nc3 e6 3. Nf3 Nc6 4. d4 cxd4 5. Nxd4 Qc7 6. Nxc6 bxc6 7. Bd3 e5 8.
O-O Nf6 9. Kh1 d6 10. f4 Be7 11. fxe5 dxe5 12. Ne2 h5 13. Ng3 g6 14. Bc4 h4 15.
Ne2 Rh7 16. Qd3 h3 17. g3 Qd7 18. Bd2 Qxd3 19. cxd3 Bg4 20. Nc3 Nd7 21. a3 Nb6
22. Ba6 Bc8 23. Bxc8 Rxc8 24. Be3 Rd8 25. Rfd1 Nd7 26. b4 a6 27. Rac1 f5 28.
Na4 Rc8 29. Rc2 fxe4 30. dxe4 Nf6 31. Nb6 Rd8 32. Rxd8+ Bxd8 33. Rxc6 Nxe4 34.
Re6+ Re7 35. Rxe7+ Kxe7 36. Nc4 Ke6 37. Kg1 Kd5 38. Nb2 Nd6 39. Na4 Nc4 40.
Nc3+ Kc6 41. Bc1 Bb6+ 42. Kf1 Be3 43. Bxe3 Nxe3+ 44. Kf2 Nc2 45. g4 Nxa3 46.
Kg3 Nc2 47. Kxh3 Nxb4 48. Kg3 Nd5 49. Nb1 g5 50. Nd2 Nf6 51. h4 gxh4+ 52. Kxh4
Kd5 53. g5 Ne8 54. Kg4 a5 55. Kf3 a4 56. Nb1 Kd4 57. Ke2 e4 58. g6 Ng7 59. Kd2
Ne6 60. Na3 e3+ 61. Ke2 Nf4+ 62. Kf3 Nxg6 63. Nc2+ Kc3 64. Nxe3 a3 65. Nd5+ Kb3
0-1

[Event "9th Arad Open 2016"]
[Site "Arad ROU"]
[Date "2016.08.12"]
[Round "9.28"]
[White "Sandor, Tamas"]
[Black "Stoleriu , George"]
[Result "0-1"]
[WhiteElo "2059"]
[BlackElo "2253"]
[PlyCount "76"]
[EventDate "2016.08.06"]

1. e4 e6 2. d4 d5 3. Nd2 Nf6 4. e5 Nfd7 5. Bd3 c5 6. c3 Nc6 7. Ndf3 Be7 8. Ne2
O-O 9. O-O f5 10. exf6 Nxf6 11. Bg5 Ng4 12. Bxe7 Qxe7 13. h3 Nf6 14. Ng3 e5 15.
Nxe5 Nxe5 16. Re1 cxd4 17. cxd4 Nf3+ 18. Qxf3 Qb4 19. Bf5 Qxb2 20. Rab1 Qd2 21.
Re2 Qg5 22. Bxc8 Raxc8 23. Rxb7 Rc1+ 24. Kh2 h5 25. Re5 Ng4+ 26. Qxg4 Qxe5 27.
dxe5 hxg4 28. hxg4 g6 29. Rd7 Rxf2 30. Rxd5 Rcc2 31. Kh3 Rxg2 32. Ne4 Rge2 33.
Nf6+ Kf7 34. Kh4 Ke6 35. Ra5 Rxa2 36. Rc5 Rxe5 37. Rc6+ Kf7 38. Nd7 g5+ 0-1

[Event "3rd Iasi Open 2016"]
[Site "Iasi ROU"]
[Date "2016.06.15"]
[Round "4.5"]
[White "Stoleriu , George"]
[Black "Costachi, Mihnea"]
[Result "0-1"]
[WhiteElo "2178"]
[BlackElo "2397"]
[PlyCount "108"]
[EventDate "2016.06.13"]

1. e4 e5 2. Nf3 Nc6 3. Bb5 a6 4. Ba4 Nf6 5. d3 b5 6. Bb3 Be7 7. O-O O-O 8. Re1
d6 9. c3 Na5 10. Bc2 c5 11. Nbd2 Re8 12. Nf1 Bb7 13. Ng3 Bf8 14. h3 h6 15. Nh2
d5 16. Qf3 c4 17. dxc4 dxe4 18. Nxe4 Nxe4 19. Bxe4 Bxe4 20. Rxe4 Nxc4 21. Ng4
h5 22. Nh2 Qd5 23. Re1 e4 24. Qe2 Ne5 25. Be3 Nd3 26. Red1 Bc5 27. Nf1 Bxe3 28.
Qxe3 Qc6 29. Rd2 g6 30. Ng3 a5 31. f3 Nc5 32. b4 h4 33. Nh5 Re5 34. Rad1 Rxh5
35. Rd8+ Kh7 36. Rxa8 Qxa8 37. bxc5 exf3 38. Qf4 Qa7 39. Qxf3 Qxc5+ 40. Kh1 Kg7
41. Qd3 Rf5 42. Rb1 Re5 43. Rf1 Qd5 44. Qc2 Qc4 45. Qc1 Rc5 46. Qe1 Rd5 47. Qc1
Rd3 48. Qe1 Rd5 49. Qc1 a4 50. Qe1 Rc5 51. Qd1 Re5 52. Qc1 Re4 53. Qd1 Qxa2 54.
Qf3 Qe6 0-1

[Event "Campionatul National de sah clasic-2016"]
[Site "Calimanesti-Caciulata"]
[Date "2016.04.18"]
[Round "1.2"]
[White "Ungureanu, Alexandru-Daniel"]
[Black "Stoleriu , George"]
[Result "0-1"]
[WhiteElo "1605"]
[BlackElo "2174"]
[PlyCount "68"]
[EventDate "2016.04.18"]
[EventRounds "9"]

1. d4 e6 2. Nf3 Nf6 3. c3 b6 4. Bf4 Bb7 5. e3 g6 6. Bd3 Bg7 7. Nbd2 d6 8. O-O
O-O 9. Qc2 Nbd7 10. Rad1 Qe7 11. Nc4 h6 12. h3 Nh5 13. Bh2 Bxf3 14. gxf3 d5 15.
Na3 c6 16. c4 e5 17. dxe5 Nxe5 18. Qe2 d4 19. exd4 Qg5+ 20. Kh1 Nf4 21. Bxf4
Qxf4 22. Be4 f5 23. Bxc6 Nxc6 24. Qe6+ Kh7 25. Qxc6 Rfc8 26. Qd5 Rd8 27. Qc6
Rac8 28. Qe6 Qxf3+ 29. Kh2 Re8 30. Qd5 Re4 31. Nb5 Rxc4 32. Nd6 Rcxd4 33. Rxd4
Qf4+ 34. Kg1 Rxd4 0-1

[Event "Campionatul National de sah clasic-2016"]
[Site "Calimanesti-Caciulata"]
[Date "2016.04.19"]
[Round "2.2"]
[White "Stoleriu , George"]
[Black "Isfan, Ioan-Marius"]
[Result "1-0"]
[WhiteElo "2174"]
[BlackElo "1784"]
[PlyCount "167"]
[EventDate "2016.04.18"]
[EventRounds "9"]

1. e4 d5 2. exd5 Qxd5 3. Nc3 Qd6 4. d4 c6 5. Bc4 Bf5 6. Nge2 e6 7. Bf4 Qb4 8.
Bb3 Qa5 9. Qd2 Nf6 10. O-O Nbd7 11. Rfe1 Be7 12. Ng3 Bg6 13. Rad1 Bb4 14. a3
Bxc3 15. bxc3 O-O 16. a4 Rac8 17. Bd6 Rfe8 18. c4 Qxd2 19. Rxd2 c5 20. c3 Rc6
21. Bf4 Rb6 22. Rb2 cxd4 23. cxd4 Rc8 24. a5 Ra6 25. Bd2 b6 26. Ba4 bxa5 27. c5
Bd3 28. Re3 Bc4 29. Rc3 Bd5 30. Bb5 Rb8 31. Bxa6 Rxb2 32. Bc1 Rb3 33. Rxb3 Bxb3
34. c6 Nb6 35. c7 Nfd5 36. c8=Q+ Nxc8 37. Bxc8 a4 38. Ne4 Bc2 39. Nd2 Nc3 40.
Ba6 Kf8 41. Bb2 Nd1 42. Ba1 a3 43. Nc4 Bd3 44. Bb5 a6 45. Bxa6 Nb2 46. Nxa3
Bxa6 47. Bxb2 Bd3 48. f3 Ke7 49. Kf2 Kd6 50. Ke3 Bf1 51. g3 Kd5 52. Nb1 Ba6 53.
Nc3+ Kc6 54. Ne4 f6 55. Ba3 e5 56. dxe5 fxe5 57. Bf8 g6 58. Bg7 Kc7 59. Bxe5+
Kd8 60. Bd6 Bc8 61. Nf6 h5 62. Kf4 Bf5 63. Nxh5 Kd7 64. Ba3 Bb1 65. Nf6+ Ke6
66. Ne4 Kf7 67. Kg5 Bc2 68. h4 Bd1 69. Nd2 Bc2 70. g4 Kg7 71. Bb2+ Kh7 72. Ne4
Bb1 73. Nf6+ Kg7 74. h5 Bc2 75. Ne4+ Kf7 76. hxg6+ Kg8 77. g7 Bb1 78. Kh6 Kf7
79. Kh7 Ke7 80. g8=Q Kd7 81. Qd5+ Ke7 82. Bf6+ Ke8 83. Qe6+ Kf8 84. Qe7# 1-0

[Event "Campionatul National de sah clasic-2016"]
[Site "Calimanesti-Caciulata"]
[Date "2016.04.20"]
[Round "3.2"]
[White "Craciun, Alexandru-Emilian"]
[Black "Stoleriu , George"]
[Result "0-1"]
[WhiteElo "1855"]
[BlackElo "2174"]
[PlyCount "120"]
[EventDate "2016.04.18"]
[EventRounds "9"]

1. e4 c6 2. d4 d5 3. Nd2 dxe4 4. Nxe4 Bf5 5. Ng3 Bg6 6. Nf3 Nd7 7. h4 h6 8. h5
Bh7 9. Bd3 Bxd3 10. Qxd3 e6 11. Bd2 Qc7 12. Ne4 O-O-O 13. O-O-O Ngf6 14. g3
Nxe4 15. Qxe4 Nf6 16. Qe2 c5 17. dxc5 Bxc5 18. Rh4 Qb6 19. Ne5 Rhf8 20. Rc4 Kb8
21. Nd3 Bd6 22. Bf4 Bxf4+ 23. Rxf4 Rd5 24. g4 Rfd8 25. Rb4 Qxb4 26. Nxb4 Rxd1+
27. Qxd1 Rxd1+ 28. Kxd1 Nxg4 29. Nd3 Kc7 30. f3 Ne3+ 31. Kd2 Nf1+ 32. Kc3 Ng3
33. Kd4 Nxh5 34. c4 Ng3 35. Ke5 Nf5 36. b4 h5 37. c5 h4 38. Nf2 Kc6 39. a4 a5
40. bxa5 Kxc5 41. Nd3+ Kc4 42. Ke4 h3 43. Ne5+ Kb4 44. Nc6+ bxc6 45. a6 Nd6+
46. Ke3 Nc8 47. Kf2 c5 48. Kg3 c4 49. Kxh3 c3 50. Kg4 c2 51. a7 Nxa7 52. a5
c1=Q 53. a6 Nc6 54. a7 Nxa7 55. f4 Nc6 56. f5 Ne5+ 57. Kh3 Qg5 58. fxe6 Qg4+
59. Kh2 Nf3+ 60. Kh1 Qg1# 0-1

[Event "Campionatul National de sah clasic-2016"]
[Site "Calimanesti-Caciulata"]
[Date "2016.04.21"]
[Round "4.1"]
[White "Stoleriu , George"]
[Black "Gavrilescu, David"]
[Result "0-1"]
[WhiteElo "2174"]
[BlackElo "2289"]
[PlyCount "114"]
[EventDate "2016.04.18"]
[EventRounds "9"]

1. e4 c5 2. Nc3 Nc6 3. Bb5 Nd4 4. Bc4 e6 5. Nge2 Nf6 6. O-O a6 7. d3 b5 8. Bb3
Nxb3 9. axb3 Bb7 10. f4 d5 11. e5 d4 12. exf6 dxc3 13. f5 Qxf6 14. fxe6 cxb2
15. Bxb2 Qxb2 16. exf7+ Kd7 17. d4 cxd4 18. Qd3 Rc8 19. Qf5+ Kd8 20. Qg5+ Kd7
21. Qf5+ Kd8 22. Qg5+ Kd7 23. Qg4+ Kd6 24. Rfb1 Qxc2 25. Qxd4+ Ke6 26. Qb6+ (
26. Qg4+ Kxf7 27. Qd7+ Kf6 28. Qxb7) 26... Qc6 27. Nd4+ Kd5 28. Nxc6 Bc5+ 29.
Qxc5+ Kxc5 30. Ne5 Kd6 31. Re1 Rc7 32. Rad1+ Bd5 33. b4 Rf8 34. Ra1 Ra7 35.
Rad1 a5 36. Rd2 a4 37. Red1 Kxe5 38. Rxd5+ Ke6 39. Rxb5 Rfxf7 40. Ra1 Rf4 41.
Re1+ Kf7 42. Ra1 a3 43. Ra2 Rc4 44. Kf2 Ke6 45. Ke3 Ra4 46. g3 Rc3+ 47. Kd2 Rf3
48. Kc2 Ra8 49. Rc5 Rb8 50. b5 Kd6 51. Rh5 h6 52. Kd1 Re8 53. Rd2+ Kc7 54. Rc2+
Kb7 55. b6 Rf1+ 56. Kd2 Rf2+ 57. Kd1 Rd8+ 0-1

[Event "Campionatul National de sah clasic-2016"]
[Site "Calimanesti-Caciulata"]
[Date "2016.04.21"]
[Round "5.3"]
[White "Stoleriu , George"]
[Black "Coman, Mihnea-George"]
[Result "1/2-1/2"]
[WhiteElo "2174"]
[BlackElo "1862"]
[PlyCount "116"]
[EventDate "2016.04.18"]
[EventRounds "9"]

1. e4 c5 2. Nc3 Nc6 3. Bb5 Nd4 4. Bc4 e6 5. Nge2 Nf6 6. O-O a6 7. d3 b5 8. Bb3
Nxb3 9. axb3 Bb7 10. f4 d5 11. e5 d4 12. exf6 dxc3 13. f5 Qd5 14. Rf2 gxf6 15.
fxe6 O-O-O 16. exf7 Qxf7 17. bxc3 Rg8 18. Ng3 Bd6 19. Bf4 Bxf4 20. Rxf4 Qd5 21.
Rf2 Qe5 22. Qe1 Qd5 23. Qe4 Qxe4 24. Nxe4 Bxe4 25. dxe4 Rd6 26. Raf1 Rg6 27. g3
Kd7 28. Rf5 Kc6 29. Rh5 Rg4 30. Rh6 Rxe4 31. Rfxf6 Rxf6 32. Rxf6+ Kd5 33. Kf2
a5 34. Ra6 a4 35. c4+ Ke5 36. Ra5 axb3 37. cxb3 b4 38. Rxc5+ Kd4 39. Rf5 Kc3
40. Rf3+ Kb2 41. Re3 Rd4 42. Kf3 Kc2 43. g4 Kb2 44. h3 Kc2 45. g5 Kd2 46. Kf2
Rh4 47. Kg3 Rxc4 48. bxc4 Kxe3 49. c5 b3 50. c6 b2 51. c7 b1=Q 52. c8=Q Qe1+
53. Kg4 Qe2+ 54. Kh4 Qf2+ 55. Kh5 Qf7+ 56. Kg4 Qf3+ 57. Kh4 Qf2+ 58. Kh5 Qf7+
1/2-1/2

[Event "Campionatul National de sah clasic-2016"]
[Site "Calimanesti-Caciulata"]
[Date "2016.04.22"]
[Round "6.4"]
[White "Ghimpu, Samuel-Timotei"]
[Black "Stoleriu , George"]
[Result "0-1"]
[WhiteElo "1810"]
[BlackElo "2174"]
[PlyCount "64"]
[EventDate "2016.04.18"]
[EventRounds "9"]

1. Nf3 f5 2. d4 Nf6 3. g3 g6 4. Bg2 Bg7 5. c3 O-O 6. O-O Kh8 7. Qc2 d6 8. Nbd2
c6 9. Nb3 Qc7 10. Ng5 e5 11. dxe5 dxe5 12. e3 h6 13. Nh3 Be6 14. Rd1 Nbd7 15.
f3 a5 16. Nf2 Qb6 17. Qe2 a4 18. Nd2 Nd5 19. Nf1 a3 20. c4 axb2 21. Bxb2 Nb4
22. a3 Na6 23. Bc3 Qb3 24. Qb2 Qxc4 25. Nd2 Qc5 26. Bb4 Nxb4 27. Qxb4 Qxe3 28.
Nc4 Qc5 29. Qxc5 Nxc5 30. Nd6 Nb3 31. Rab1 b5 32. Nd3 Rxa3 0-1

[Event "Campionatul National de sah clasic-2016"]
[Site "Calimanesti-Caciulata"]
[Date "2016.04.23"]
[Round "7.2"]
[White "Stoleriu , George"]
[Black "Bulau, Andrei-Cristian"]
[Result "1-0"]
[WhiteElo "2174"]
[BlackElo "1847"]
[PlyCount "167"]
[EventDate "2016.04.18"]
[EventRounds "9"]

1. Nf3 Nf6 2. c4 e6 3. b3 d5 4. g3 b6 5. Bg2 Bb7 6. O-O Be7 7. Bb2 O-O 8. d3
Nbd7 9. Nbd2 c5 10. Qc2 Qc7 11. e4 d4 12. Rae1 e5 13. Bh3 g6 14. Nb1 Bc8 15.
Bc1 Re8 16. Nh4 Nh5 17. Ng2 Ng7 18. Bh6 Nf6 19. Bxc8 Qxc8 20. Bxg7 Kxg7 21. f4
Bd6 22. Nd2 Ng8 23. fxe5 Bxe5 24. Nf4 Qg4 25. Qd1 Qxd1 26. Rxd1 Nf6 27. Nd5 Ng4
28. Nf3 Rad8 29. Rde1 h6 30. h3 Ne3 31. Nxe3 dxe3 32. Nxe5 Rxe5 33. Rxe3 f5 34.
Ref3 fxe4 35. Rf7+ Kg8 36. dxe4 Rxe4 37. Rxa7 Re2 38. Rf2 Rdd2 39. Ra8+ Kg7 40.
Ra7+ Kg8 41. Raf7 Rxf2 42. Rxf2 Rd3 43. Rf6 Kg7 44. Rxb6 Rd1+ 45. Kf2 Rd2+ 46.
Kf3 Rxa2 47. h4 Rc2 48. Re6 Kf7 49. Re3 Rd2 50. Ke4 Ke6 51. g4 Rd4+ 52. Kf3+
Kf6 53. Kg3 Rd1 54. Kf4 Rd4+ 55. Re4 g5+ 56. hxg5+ hxg5+ 57. Ke3 Rd1 58. Ke2
Rb1 59. Re3 Rg1 60. Kf3 Rd1 61. Kf2 Rd2+ 62. Kg3 Rb2 63. Kf3 Rd2 64. Kg3 Rb2
65. Rd3 Rc2 66. Kf3 Rb2 67. Rd6+ Ke5 68. Rd5+ Ke6 69. Rxc5 Rxb3+ 70. Ke4 Rc3
71. Kd4 Rg3 72. Rxg5 Kf6 73. Rf5+ Ke6 74. Rf4 Rg1 75. Re4+ Kd6 76. c5+ Kc6 77.
Re6+ Kd7 78. Rg6 Rd1+ 79. Ke5 Re1+ 80. Kf6 Rc1 81. Rg5 Ke8 82. Re5+ Kf8 83. g5
Rf1+ 84. Rf5 1-0

[Event "Campionatul National de sah clasic-2016"]
[Site "Calimanesti-Caciulata"]
[Date "2016.04.24"]
[Round "8.2"]
[White "Secrieru, Andrei-Cristian"]
[Black "Stoleriu , George"]
[Result "0-1"]
[WhiteElo "1822"]
[BlackElo "2174"]
[PlyCount "60"]
[EventDate "2016.04.18"]
[EventRounds "9"]

1. d4 f5 2. c4 Nf6 3. Nc3 g6 4. Nf3 Bg7 5. g3 O-O 6. Bg2 d6 7. O-O c6 8. e3 Qc7
9. b4 a5 10. bxa5 Rxa5 11. Qb3 Kh8 12. Bb2 Be6 13. Rfc1 Nbd7 14. Nd2 Bg8 15.
Qc2 e5 16. Ne2 Rfa8 17. Bc3 Ra4 18. Bf1 Bxc4 19. Nxc4 Rxc4 20. dxe5 dxe5 21.
Qb2 Rca4 22. Bg2 Ne4 23. Be1 Ndf6 24. Rcb1 Nd6 25. Bb4 Nc4 26. Qb3 b5 27. Rd1
e4 28. Nd4 Nd5 29. Bc5 Na5 30. Qc2 Rc4 0-1

[Event "Campionatul National de sah clasic-2016"]
[Site "Calimanesti-Caciulata"]
[Date "2016.04.25"]
[Round "9.2"]
[White "Stoleriu , George"]
[Black "Talu, Mircea"]
[Result "1-0"]
[WhiteElo "2174"]
[BlackElo "1897"]
[PlyCount "67"]
[EventDate "2016.04.18"]
[EventRounds "9"]

1. e4 c5 2. Nc3 Nc6 3. f4 g6 4. Nf3 Bg7 5. Bb5 Nd4 6. O-O Nxb5 7. Nxb5 a6 8.
Nc3 b5 9. d3 Bb7 10. Qe1 Nf6 11. Qh4 d5 12. e5 d4 13. Ne2 Nd5 14. Ng3 e6 15.
Qh3 Ne7 16. Ng5 Qc7 17. N5e4 Bxe4 18. Nxe4 O-O-O 19. Qf3 Nd5 20. c4 dxc3 21.
bxc3 c4 22. a4 b4 23. cxb4 Kd7 24. Ba3 Bf8 25. dxc4 Qxc4 26. Rfd1 Be7 27. Rac1
Qa2 28. Nc3 Qxa3 29. Nxd5 Qxc1 30. Nf6+ Kc7 31. Rxc1+ Kb8 32. Qc6 Bxf6 33. Qb6+
Ka8 34. Rc7 1-0

[Event "Romanian Open 2016"]
[Site "Alba Iulia ROU"]
[Date "2016.03.16"]
[Round "1.12"]
[White "Stoleriu , George"]
[Black "Georgescu, Tiberiu-Marian"]
[Result "0-1"]
[WhiteElo "2162"]
[BlackElo "2456"]
[PlyCount "76"]
[EventDate "2016.03.16"]

1. e4 g6 2. d4 Bg7 3. Nc3 d6 4. Be3 a6 5. Qd2 b5 6. h4 h6 7. Bd3 Nd7 8. a4 b4
9. Nce2 c5 10. dxc5 dxc5 11. Bc4 Bb7 12. O-O-O Ngf6 13. Nf3 e6 14. Ng3 Qa5 15.
b3 O-O-O 16. Qd6 Ng4 17. Qe7 Nxe3 18. fxe3 Rh7 19. Qd6 Ne5 20. Bxe6+ fxe6 21.
Qxe6+ Nd7 22. Qxg6 Nf8 23. Qf5+ Kb8 24. Rxd8+ Qxd8 25. Qxc5 Qc7 26. Qxb4 Qxg3
27. e5 Ne6 28. Qd6+ Nc7 29. Qd8+ Bc8 30. Rd1 Rh8 31. Qd6 Bb7 32. Rd4 Qxg2 33.
Rc4 Rc8 34. Nd4 Qd5 35. Qb6 Na8 36. Rxc8+ Kxc8 37. Qg6 Qxe5 38. Ne6 Qxe3+ 0-1

[Event "Romanian Open 2016"]
[Site "Alba Iulia ROU"]
[Date "2016.03.17"]
[Round "2.16"]
[White "Gavrilescu, David"]
[Black "Stoleriu , George"]
[Result "1/2-1/2"]
[WhiteElo "2284"]
[BlackElo "2162"]
[PlyCount "147"]
[EventDate "2016.03.16"]

1. d4 f5 2. Nf3 Nf6 3. Bg5 Ne4 4. Bf4 e6 5. Nbd2 Be7 6. e3 O-O 7. Nxe4 fxe4 8.
Nd2 d5 9. c4 Bd6 10. Bxd6 Qxd6 11. Be2 c6 12. O-O e5 13. Nb1 Be6 14. Nc3 Nd7
15. cxd5 Bxd5 16. dxe5 Qxe5 17. Qa4 b5 18. Qc2 Rac8 19. Rad1 Nf6 20. Rd2 Be6
21. Rc1 Rcd8 22. Rcd1 Rxd2 23. Qxd2 Re8 24. Qd4 Qxd4 25. Rxd4 c5 26. Rd2 b4 27.
Na4 Bxa2 28. Nxc5 Rc8 29. b3 Rxc5 30. Rxa2 a5 31. Bc4+ Kf8 32. f3 Ke7 33. Kf2
Kd6 34. Rd2+ Kc7 35. Rd4 exf3 36. gxf3 Nd7 37. e4 Ne5 38. Be2 Rc3 39. f4 Ng6
40. f5 Nf4 41. Bd1 Nd3+ 42. Ke2 Nc1+ 43. Kf2 Nxb3 44. Bxb3 Rxb3 45. e5 Rc3 46.
Rd5 Kb6 47. Rd6+ Kc7 48. Rd5 Kb6 49. Rd6+ Kb5 50. e6 Rc5 51. e7 Rxf5+ 52. Kg3
Re5 53. Rd5+ Rxd5 54. e8=Q+ Kc4 55. Qa4 Rd3+ 56. Kf4 Ra3 57. Qc2+ Rc3 58. Qa2+
Kb5 59. Ke4 b3 60. Qa3 a4 61. Kd4 Rc4+ 62. Kd3 Rb4 63. Kc3 Rc4+ 64. Kd3 Rb4 65.
Kc3 Rc4+ 66. Kb2 Rc2+ 67. Kb1 Rxh2 68. Qc1 Rc2 69. Qg5+ Kb4 70. Qxg7 a3 71.
Qb7+ Ka4 72. Qa6+ Kb4 73. Qb6+ Ka4 74. Qa6+ 1/2-1/2

[Event "Romanian Open 2016"]
[Site "Alba Iulia ROU"]
[Date "2016.03.18"]
[Round "3.14"]
[White "Stoleriu , George"]
[Black "Tomici, Stefan"]
[Result "0-1"]
[WhiteElo "2162"]
[BlackElo "2310"]
[PlyCount "136"]
[EventDate "2016.03.16"]

1. f4 d5 2. b3 Bg4 3. Bb2 e6 4. Nf3 Nf6 5. g3 Nbd7 6. Bg2 Bc5 7. d4 Bb6 8. b4
a5 9. c3 Qe7 10. a3 Bf5 11. Nbd2 Ng4 12. Nf1 h5 13. h3 Ngf6 14. N1d2 Ne4 15.
Nxe4 Bxe4 16. O-O c6 17. Ne5 Nxe5 18. fxe5 Bxg2 19. Kxg2 f6 20. Qd3 O-O-O 21.
Qg6 Rh6 22. exf6 Rxg6 23. fxe7 Re8 24. bxa5 Bxa5 25. a4 Bc7 26. Rf3 Rxe7 27.
Kf2 e5 28. Rf8+ Kd7 29. Ba3 Re8 30. Rf7+ Kc8 31. Rg1 exd4 32. cxd4 Rge6 33. Re1
Ba5 34. Rb1 Rxe2+ 35. Kf1 Bc7 36. Rxg7 R2e3 37. Bc5 Rxg3 38. Rxg3 Bxg3 39. Kg2
Bc7 40. Rf1 b6 41. Bb4 Re2+ 42. Kg1 Rb2 43. Rf8+ Kb7 44. Be7 Bg3 45. Rh8 Bf2+
46. Kf1 Bxd4 47. Rxh5 Rf2+ 48. Ke1 Ra2 49. Rh7 Rxa4 50. h4 Ka6 51. h5 Bc5 52.
Bf6 Rf4 53. Bg5 Rg4 54. Rg7 Be7 55. Bh6 Re4+ 56. Kd1 Bf8 57. Rg6 Bxh6 58. Rxh6
Kb5 59. Rh8 c5 60. h6 Kc4 61. h7 Rh4 62. Kc1 Rh2 63. Kb1 d4 64. Kc1 Kc3 65. Kb1
d3 66. Rg8 Rh1+ 67. Ka2 Rxh7 68. Rg3 Kc2 0-1

[Event "Romanian Open 2016"]
[Site "Alba Iulia ROU"]
[Date "2016.03.19"]
[Round "5.14"]
[White "Stoleriu , George"]
[Black "Padeiro, J."]
[Result "1/2-1/2"]
[WhiteElo "2162"]
[BlackElo "2348"]
[PlyCount "20"]
[EventDate "2016.03.16"]

1. e4 c6 2. Nc3 d5 3. Nf3 g6 4. e5 Bg4 5. d4 Bg7 6. Bd3 f6 7. exf6 Nxf6 8. Be3
O-O 9. Qd2 Bxf3 10. gxf3 Nbd7 1/2-1/2